000 00584nam a2200229Ia 4500
003 OSt
005 20220924152242.0
006 a|||||r|||| 00| 0
007 ta
008 220923b |||||||| |||| 00| 0 mar d
024 _a341678
037 _cTextual
040 _aARTS
_cARTS
_bmar
041 _2mar
_amar
082 _aO155,3NSA2,1, L5
100 _aSalavi G.V.
_9226222
245 0 _aSamrat Chandragupt
260 _c1975
650 _aMARATHI LITERATURE
_938000
942 _hO155,3NSA2,1, L5
_cTEXL
_2CC
999 _c469228
_d469228